Moderný dramatik v rukách postmodernistov Festivalové repete jednej hry

Bibliographic Details
Main Author: Čavojský, Ladislav, 1932-2014 (Author)
Format: Article
Language:Slovak
PhysicalDescription:Fotogr. 2
ISSN:1335-146X
Subjects:

MARC

LEADER 00000nab a2200000 a 4500
001 vtls000630258
003 SK-MaSNL
005 20260305014915.0
008 140301c1997 xo 0 slo
015 |a SNBRB19rr/mm-uuuuu 
035 |a CL0630397 
040 |a SNKBUCL  |b slo  |c SNKBUCL  |e AACR2 
041 0 |a slo 
044 |a xo  |c SK 
080 |a 792.2  |2 1981 
080 |a 792.077(437.6)  |2 1981 
100 1 |a Čavojský, Ladislav,  |d 1932-2014  |4 aut  |9 101804 
245 1 0 |a Moderný dramatik v rukách postmodernistov  |b Festivalové repete jednej hry  |c Ladislav Čavojský 
300 |b Fotogr. 2 
600 1 7 |a Hurban Vladimírov, Vladimír,  |d 1884-1950  |t Záveje  |2 snkbucl  |9 1016077 
610 2 7 |a Divadlo Andreja Bagara v Nitre  |2 snkbucl  |9 32093 
610 2 7 |a Divadelný súbor "A" pri Kultúrnom a spoločenskom stredisku Prievidza  |2 snkbucl  |9 230507 
655 7 |a články z novín a časopisov  |2 snkbucl  |9 267496 
773 0 |t Teatro  |g Roč. 3, č. 6 (1997), s. 8-9  |x 1335-146X 
850 |a Slovenská národná knižnica v Martine  |a MTA001 
852 |a SNK  |b KIS3GCP 
958 |a RK 
992 |a RBX 
999 |c 3271981  |d 3273911